স্মৃতি অম্লান: (Record no. 26300)

MARC details
000 -LEADER
fixed length control field 01469nam a22002057a 4500
003 - CONTROL NUMBER IDENTIFIER
control field BDDh-ASL
005 - DATE AND TIME OF LATEST TRANSACTION
control field 20231015030628.0
008 - FIXED-LENGTH DATA ELEMENTS--GENERAL INFORMATION
fixed length control field 201028s1989 b ||||| |||| 00| 0 b d
040 ## - CATALOGING SOURCE
Original cataloging agency BDDh-ASL
Transcribing agency BDDh-ASL
041 ## - LANGUAGE CODE
Language code of text/sound track or separate title ben
082 ## - DEWEY DECIMAL CLASSIFICATION NUMBER
Classification number 928.9144
Item number SMR
245 00 - TITLE STATEMENT
Title স্মৃতি অম্লান:
Remainder of title প্রখ্যাত লোকসাহিত্যিক চৌধুরী গোলাম আকবর সাহিত্যভূষণ সাহেবের প্রথম মৃর্ত্যবার্ষিকী উপলক্ষে স্মারকগুচ্ছ-এক ১৯৮৯/১৩৯৬ /
246 ## - VARYING FORM OF TITLE
Title proper/short title Smrity Omlan
260 ## - PUBLICATION, DISTRIBUTION, ETC.
Place of publication, distribution, etc. ঢাকা:
Name of publisher, distributor, etc. জালালাবাদ লোকসাহিত্য পরিষদ,
Date of publication, distribution, etc. ১৯৮৯।
300 ## - PHYSICAL DESCRIPTION
Extent ৫৯ পৃষ্ঠা, :
Dimensions ২২ সে. মি.
600 10 - SUBJECT ADDED ENTRY--PERSONAL NAME
9 (RLIN) 1086
Personal name আকবর, চৌধুরী গোলাম
650 #0 - SUBJECT ADDED ENTRY--TOPICAL TERM
Topical term or geographic name entry element Commemoration Volume (স্মারকগ্রন্থ), Memoirs, স্মারকগ্রন্থ, Smārakagrantha, Souvenir, স্মরণিক, স্মারকগ্রন্থ, স্মৃতিকথা, Smr̥tikathā, Memoirs, Reminiscences, স্মরণিকা, Smaraṇikā, Souvenir, স্যুভেনির, অভিজ্ঞান, Syubhēnira, so͞ovəˈnir, memorial, souvenir, remembrancer
9 (RLIN) 4668
700 1# - ADDED ENTRY--PERSONAL NAME
9 (RLIN) 4590
Personal name কামাল, সৈয়দ মোস্তফা
942 ## - ADDED ENTRY ELEMENTS (KOHA)
Source of classification or shelving scheme Dewey Decimal Classification
Koha item type Books
Holdings
Withdrawn status Lost status Source of classification or shelving scheme Damaged status Not for loan Collection code Home library Current library Shelving location Date acquired Source of acquisition Total Checkouts Full call number Barcode Date last seen Copy number Price effective from Koha item type
    Dewey Decimal Classification     Non-fiction Asiatic Society Library Asiatic Society Library General Stacks 10/07/2021 Donated by Prof. (Dr.) M. Abdul Qayyum & Dr. Razia Sultana   928.9144 SMR 112319 10/07/2021 C-1 10/07/2021 Books
    Dewey Decimal Classification     Non-fiction Asiatic Society Library Asiatic Society Library General Stacks 10/07/2021 Donated by Prof. (Dr.) M. Abdul Qayyum & Dr. Razia Sultana   928.9144 SMR 112320 10/07/2021 C-2 10/07/2021 Books

Powered by Koha